Malaysia Federal Constituencies (2022 - Now)) - Statistics

General Stats
  • This quiz has been taken 18 times
  • The average score is 102 of 222
Answer Stats
Hint Answer % Correct
P009 Alor Setar
86%
P002 Kangar
86%
P036 Kuala Terengganu
86%
P125 Putrajaya
86%
P098 Gombak
79%
P160 Johor Bahru
79%
P004 Langkawi
79%
P146 Muar
79%
P003 Arau
71%
P115 Batu
71%
P101 Hulu Langat
71%
P139 Jasin
71%
P110 Klang
71%
P172 Kota Kinabalu
71%
P086 Maran
71%
P105 Petaling Jaya
71%
P128 Seremban
71%
P013 Sik
71%
P135 Alor Gajah
64%
P099 Ampang
64%
P053 Balik Pulau
64%
P089 Bentong
64%
P217 Bintulu
64%
P120 Bukit Bintang
64%
P123 Cheras
64%
P054 Gerik
64%
P094 Hulu Selangor
64%
P126 Jelebu
64%
P021 Kota Bharu
64%
P010 Kuala Kedah
64%
P096 Kuala Selangor
64%
P083 Kuantan
64%
P166 Labuan
64%
P219 Miri
64%
P047 Nibong Tebal
64%
P001 Padang Besar
64%
P022 Pasir Mas
64%
P092 Sabak Bernam
64%
P186 Sandakan
64%
P113 Sepang
64%
P060 Taiping
64%
P190 Tawau
64%
P043 Bagan
57%
P102 Bangi
57%
P078 Cameron Highlands
57%
P032 Gua Musang
57%
P137 Hang Tuah Jaya
57%
P065 Ipoh Barat
57%
P187 Kinabatangan
57%
P138 Kota Melaka
57%
P156 Kota Tinggi
57%
P112 Kuala Langat
57%
P129 Kuala Pilah
57%
P221 Limbang
57%
P029 Machang
57%
P037 Marang
57%
P134 Masjid Tanah
57%
P017 Padang Serai
57%
P159 Pasir Gudang
57%
P085 Pekan
57%
P164 Pontian
57%
P132 Port Dickson
57%
P103 Puchong
57%
P131 Rembau
57%
P091 Rompin
57%
P097 Selayang
57%
P118 Setiawangsa
57%
P108 Shah Alam
57%
P049 Tanjong
57%
P088 Temerloh
57%
P019 Tumpat
57%
P116 Wangsa Maju
57%
P148 Ayer Hitam
50%
P124 Bandar Tun Razak
50%
P066 Batu Gajah
50%
P150 Batu Pahat
50%
P090 Bera
50%
P068 Beruas
50%
P033 Besut
50%
P045 Bukit Mertajam
50%
P106 Damansara
50%
P039 Dungun
50%
P030 Jeli
50%
P050 Jelutong
50%
P005 Jerlun
50%
P070 Kampar
50%
P040 Kemaman
50%
P041 Kepala Batas
50%
P114 Kepong
50%
P197 Kota Samarahan
50%
P067 Kuala Kangsar
50%
P031 Kuala Krai
50%
P006 Kubang Pasu
50%
P163 Kulai
50%
P188 Lahad Datu
50%
P222 Lawas
50%
P055 Lenggong
50%
P014 Merbok
50%
P154 Mersing
50%
P143 Pagoh
50%
P100 Pandan
50%
P028 Pasir Puteh
50%
P011 Pendang
50%
P208 Sarikei
50%
P117 Segambut
50%
P153 Sembrong
50%
P015 Sungai Petani
50%
P063 Tambun
50%
P027 Tanah Merah
50%
P077 Tanjung Malim
50%
P042 Tasek Gelugor
50%
P119 Titiwangsa
50%
P025 Bachok
43%
P075 Bagan Datuk
43%
P145 Bakri
43%
P195 Bandar Kuching
43%
P185 Batu Sapi
43%
P051 Bukit Gelugor
43%
P071 Gopeng
43%
P038 Hulu Terengganu
43%
P082 Indera Mahkota
43%
P064 Ipoh Timor
43%
P012 Jerai
43%
P026 Ketereh
43%
P152 Kluang
43%
P168 Kota Marudu
43%
P087 Kuala Krau
43%
P018 Kulim-Bandar Baharu
43%
P142 Labis
43%
P074 Lumut
43%
P061 Padang Rengas
43%
P069 Parit
43%
P057 Parit Buntar
43%
P157 Pengerang
43%
P020 Pengkalan Chepa
43%
P044 Permatang Pauh
43%
P008 Pokok Sena
43%
P161 Pulai
43%
P130 Rasah
43%
P080 Raub
43%
P140 Segamat
43%
P189 Semporna
43%
P034 Setiu
43%
P212 Sibu
43%
P151 Simpang Renggam
43%
P104 Subang
43%
P093 Sungai Besar
43%
P133 Tampin
43%
P165 Tanjung Piai
43%
P072 Tapah
43%
P076 Teluk Intan
43%
P155 Tenggara
43%
P058 Bagan Serai
36%
P016 Baling
36%
P046 Batu Kawan
36%
P162 Iskandar Puteri
36%
P127 Jempol
36%
P081 Jerantut
36%
P191 Kalabakan
36%
P109 Kapar
36%
P111 Kota Raja
36%
P167 Kudat
36%
P121 Lembah Pantai
36%
P079 Lipis
36%
P007 Padang Terap
36%
P084 Paya Besar
36%
P198 Puncak Borneo
36%
P179 Ranau
36%
P122 Seputeh
36%
P178 Sipitang
36%
P149 Sri Gading
36%
P107 Sungai Buloh
36%
P062 Sungai Siput
36%
P136 Tangga Batu
36%
P158 Tebrau
36%
P052 Bayan Baru
29%
P177 Beaufort
29%
P048 Bukit Bendera
29%
P059 Bukit Gantang
29%
P215 Kapit
29%
P180 Keningau
29%
P169 Kota Belud
29%
P211 Lanang
29%
P056 Larut
29%
P144 Ledang
29%
P192 Mas Gading
29%
P213 Mukah
29%
P073 Pasir Salak
29%
P182 Pensiangan
29%
P023 Rantau Panjang
29%
P141 Sekijang
29%
P214 Selangau
29%
P196 Stampin
29%
P095 Tanjong Karang
29%
P181 Tenom
29%
P170 Tuaran
29%
P220 Baram
21%
P216 Hulu Rajang
21%
P209 Julau
21%
P210 Kanowit
21%
P175 Papar
21%
P174 Penampang
21%
P171 Sepanggar
21%
P218 Sibuti
21%
P200 Batang Sadong
14%
P183 Beluran
14%
P204 Betong
14%
P207 Igan
14%
P035 Kuala Nerus
14%
P024 Kubang Kerian
14%
P203 Lubok Antu
14%
P147 Parit Sulong
14%
P194 Petra Jaya
14%
P173 Putatan
14%
P193 Santubong
14%
P205 Saratok
14%
P199 Serian
14%
P201 Batang Lupar
7%
P176 Kimanis
7%
P184 Libaran
7%
P202 Sri Aman
7%
P206 Tanjong Manis
0%
No matching quizzes found
Score Distribution
Percent of People with Each Score
Percentile by Number Answered
Your Score History
You have not taken this quiz